[Event "Finale Challenge Blitz BNP Paribas"]
[Site "Port Marly"]
[Date "2013.06.15"]
[Round "1.3"]
[White "Bonvalot, Isabelle"]
[Black "Rene, Benoit"]
[Result "0-1"]
[WhiteElo "1870"]
[BlackElo "2430"]
[PlyCount "61"]
[EventDate "2013.06.15"]
[EventType "match (rapid)"]
[EventRounds "15"]
[EventCountry "FRA"]
[SourceDate "2005.09.12"]

1. e4 c5 2. c3 g6 3. d4 cxd4 4. cxd4 d5 5. e5 Nc6 6. Nf3 Bg7 7. Nc3 Bg4 8. Be3
Nh6 9. Bd3 O-O 10. h3 Bf5 11. O-O Bxd3 12. Qxd3 Nf5 13. Rad1 e6 14. g4 Nxe3 15.
fxe3 f6 16. exf6 Bxf6 17. e4 Bg7 18. e5 g5 19. Nb5 h6 20. Nd6 Qd7 21. Qb5 Rab8
22. Qd3 Nd8 23. Qg6 Nf7 24. Nxf7 Qxf7 25. Qxf7+ Rxf7 26. Rc1 Bf8 27. Nd2 Be7
28. Rxf7 Kxf7 29. Rc7 Ke8 30. Nb3 Kd8 31. Rc2 0-1

[Event "Finale Challenge Blitz BNP Paribas"]
[Site "Port Marly"]
[Date "2013.06.15"]
[Round "1.4"]
[White "Delaunay, Sebastien"]
[Black "Vernadet, Jacques"]
[Result "1-0"]
[WhiteElo "2420"]
[BlackElo "1870"]
[PlyCount "67"]
[EventDate "2013.06.15"]
[EventType "match (rapid)"]
[EventRounds "15"]
[EventCountry "FRA"]
[SourceDate "2005.09.12"]

1. Nf3 Nc6 2. d4 d5 3. g3 Nf6 4. Bg2 e6 5. O-O Be7 6. b3 O-O 7. Bb2 b5 8. c3
Bb7 9. Nbd2 Na5 10. Ne1 c5 11. dxc5 Bxc5 12. b4 Bb6 13. bxa5 Bxa5 14. a4 b4 15.
cxb4 Bxb4 16. Nd3 Bd6 17. a5 Ba6 18. Qa4 Rb8 19. Bd4 Nd7 20. Qc6 Bb7 21. Qxd6
Rc8 22. Rfc1 Rxc1+ 23. Nxc1 Nf6 24. Qxd8 Rxd8 25. Bxf6 gxf6 26. Nd3 e5 27. Nc5
Ba8 28. Rb1 e4 29. e3 Rc8 30. Ndb3 Kg7 31. Rc1 Rd8 32. Nd4 Kg6 33. Bh3 Rc8 34.
Bxc8 1-0

[Event "Finale Challenge Blitz BNP Paribas"]
[Site "Port Marly"]
[Date "2013.06.15"]
[Round "1.5"]
[White "Ciccoli, Theo"]
[Black "Akl, Nabil"]
[Result "0-1"]
[WhiteElo "1860"]
[BlackElo "2390"]
[PlyCount "82"]
[EventDate "2013.06.15"]
[EventType "match (rapid)"]
[EventRounds "15"]
[EventCountry "FRA"]
[SourceDate "2005.09.12"]

1. d4 Nf6 2. Nf3 e6 3. Bf4 b6 4. e3 Bb7 5. Bd3 Be7 6. O-O c5 7. c3 Nc6 8. Nbd2
O-O 9. Re1 Rc8 10. Rc1 d6 11. e4 cxd4 12. cxd4 h6 13. Nb3 Re8 14. h3 Bf8 15.
Bf1 e5 16. dxe5 dxe5 17. Bh2 Qxd1 18. Rcxd1 Bb4 19. Re3 a5 20. a3 Bf8 21. Bb5
Re6 22. Bc4 Ree8 23. Bb5 Red8 24. Ree1 Rxd1 25. Rxd1 Na7 26. Bd3 Bxe4 27. Bxe4
Nxe4 28. Nxe5 a4 29. Nd4 Bc5 30. Nef3 Nc6 31. Re1 f5 32. Bf4 g5 33. Bc1 Nxd4
34. Nxd4 Bxd4 35. Be3 Bxe3 36. Rxe3 Rc1+ 37. Kh2 Nxf2 38. Kg3 f4+ 39. Kf3 fxe3
40. Kxe3 Rc2 41. Kf3 Rxb2 0-1

[Event "Finale Challenge Blitz BNP Paribas"]
[Site "Port Marly"]
[Date "2013.06.15"]
[Round "1.6"]
[White "Dieu, Bruno"]
[Black "Cahen, Alexis"]
[Result "1-0"]
[WhiteElo "2360"]
[BlackElo "1850"]
[PlyCount "47"]
[EventDate "2013.06.15"]
[EventType "match (rapid)"]
[EventRounds "15"]
[EventCountry "FRA"]
[SourceDate "2005.09.12"]

1. Nc3 d5 2. e4 d4 3. Nce2 e5 4. Ng3 c5 5. Bc4 Nc6 6. d3 Be7 7. Nf3 Nf6 8. O-O
O-O 9. Bd2 a6 10. a3 b5 11. Ba2 Bb7 12. Qe2 Nd7 13. Nf5 Qc7 14. Nxe7+ Nxe7 15.
Nh4 Kh8 16. f4 f6 17. f5 Nb6 18. Rf3 c4 19. Rh3 Rf7 20. Ba5 Rc8 21. Qh5 Kg8 22.
Bb4 Nc6 23. Qxh7+ Kxh7 24. Ng6+ 1-0

[Event "Finale Challenge Blitz BNP Paribas"]
[Site "Port Marly"]
[Date "2013.06.15"]
[Round "1.8"]
[White "Leruste, Georges"]
[Black "Nouhaud, Laurent"]
[Result "1-0"]
[WhiteElo "2340"]
[BlackElo "1810"]
[PlyCount "30"]
[EventDate "2013.06.15"]
[EventType "match (rapid)"]
[EventRounds "15"]
[EventCountry "FRA"]
[SourceDate "2005.09.12"]

1. Nf3 f5 2. d3 Nf6 3. e4 fxe4 4. dxe4 d6 5. e5 Ng4 6. Bc4 e6 7. exd6 cxd6 8.
Qe2 d5 9. Bb5+ Nc6 10. O-O Be7 11. Nd4 O-O 12. Qxg4 Nxd4 13. Qxd4 a6 14. Bd3
Qc7 15. Nc3 Bc5 1-0

[Event "Finale Challenge Blitz BNP Paribas"]
[Site "Port Marly"]
[Date "2013.06.15"]
[Round "2.1"]
[White "Commercon, Joachim"]
[Black "Dourerassou, Jonathan"]
[Result "0-1"]
[WhiteElo "2100"]
[BlackElo "2580"]
[PlyCount "72"]
[EventDate "2013.06.15"]
[EventType "match (rapid)"]
[EventRounds "15"]
[EventCountry "FRA"]
[SourceDate "2005.09.12"]

1. e4 c5 2. Nf3 d6 3. d4 cxd4 4. Qxd4 Nc6 5. Bb5 Bd7 6. Bxc6 bxc6 7. Nc3 e5 8.
Qd3 Be7 9. O-O Nf6 10. h3 O-O 11. Bg5 Be6 12. Rfd1 Qb6 13. b3 Rad8 14. Na4 Qc7
15. Qc3 Nxe4 16. Qe3 Nxg5 17. Nxg5 Bf5 18. Rac1 h6 19. Nf3 Bg6 20. c4 e4 21.
Nd2 f5 22. Nc3 f4 23. Qe2 f3 24. gxf3 exf3 25. Nxf3 Bh5 26. Qe6+ Kh8 27. Nd4
Bxd1 28. Rxd1 Bf6 29. Qg4 Qa5 30. Na4 Bxd4 31. Qxd4 Qg5+ 32. Kf1 Qf5 33. Rd3 c5
34. Qe3 Rde8 35. Qd2 Qe4 36. Nc3 Qh1# 0-1

[Event "Finale Challenge Blitz BNP Paribas"]
[Site "Port Marly"]
[Date "2013.06.15"]
[Round "2.2"]
[White "Rene, Benoit"]
[Black "Kieffer, Anatole"]
[Result "1-0"]
[WhiteElo "2430"]
[BlackElo "2110"]
[PlyCount "73"]
[EventDate "2013.06.15"]
[EventType "match (rapid)"]
[EventRounds "15"]
[EventCountry "FRA"]
[SourceDate "2005.09.12"]

1. g3 g6 2. Bg2 Bg7 3. c4 Nf6 4. Nc3 O-O 5. e4 e5 6. Nge2 Nc6 7. O-O d6 8. d3
Nd7 9. f4 Ne7 10. f5 Nf6 11. fxg6 hxg6 12. h3 Nh7 13. Be3 f5 14. Qd2 Qe8 15.
Rf2 Nf6 16. Raf1 Bd7 17. exf5 Nxf5 18. Bxb7 Rb8 19. Bg2 Qe7 20. b3 c6 21. Bg5
Qe6 22. g4 Ne7 23. Kh1 Nh7 24. Bh6 Rxf2 25. Rxf2 Rf8 26. Rxf8+ Nxf8 27. Bxg7
Kxg7 28. d4 Qf6 29. Ne4 Qe6 30. dxe5 Qxe5 31. Qxd6 Qa1+ 32. Kh2 Kf7 33. Ng5+
Ke8 34. Qb8+ Bc8 35. Qf4 Nd7 36. Qf7+ Kd8 37. Ne6# 1-0

[Event "Finale Challenge Blitz BNP Paribas"]
[Site "Port Marly"]
[Date "2013.06.15"]
[Round "2.3"]
[White "Ljubotina, Lazo"]
[Black "Delaunay, Sebastien"]
[Result "0-1"]
[WhiteElo "2070"]
[BlackElo "2420"]
[PlyCount "31"]
[EventDate "2013.06.15"]
[EventType "match (rapid)"]
[EventRounds "15"]
[EventCountry "FRA"]
[SourceDate "2005.09.12"]

1. Nc3 c5 2. e4 e6 3. f4 Nc6 4. d3 d5 5. e5 f6 6. Nf3 Be7 7. Ne2 f5 8. h4 Nh6
9. g3 b5 10. Ng5 Qd7 11. Bg2 Bb7 12. c3 d4 13. O-O Ng4 14. Nf3 Rd8 15. cxd4
Ncxe5 16. dxe5 0-1

[Event "Finale Challenge Blitz BNP Paribas"]
[Site "Port Marly"]
[Date "2013.06.15"]
[Round "2.4"]
[White "Akl, Nabil"]
[Black "Audin, Thierry"]
[Result "1-0"]
[WhiteElo "2390"]
[BlackElo "2050"]
[PlyCount "87"]
[EventDate "2013.06.15"]
[EventType "match (rapid)"]
[EventRounds "15"]
[EventCountry "FRA"]
[SourceDate "2005.09.12"]

1. c4 Nc6 2. Nc3 e5 3. Nf3 d6 4. d4 exd4 5. Nxd4 Bd7 6. g3 Be7 7. Bg2 Bf6 8. e3
Nge7 9. O-O O-O 10. Nd5 Nxd5 11. Bxd5 Rb8 12. Bg2 Ne5 13. Qc2 Qc8 14. Bd2 g6
15. Rac1 Bh3 16. Qe4 Re8 17. Bxh3 Qxh3 18. Qg2 Qd7 19. b3 Ng4 20. Bc3 h5 21.
Nb5 Bxc3 22. Nxc3 Ne5 23. Rcd1 Qf5 24. f4 Ng4 25. e4 Qc5+ 26. Kh1 Ne3 27. Qg1
Nxd1 28. Rxd1 Qxg1+ 29. Kxg1 Re7 30. Kf2 Rbe8 31. Nd5 Rd7 32. Nf6+ Kf8 33.
Nxd7+ Ke7 34. Nc5 dxc5 35. Kf3 Kf6 36. Rd7 Re7 37. Rxe7 Kxe7 38. h3 c6 39. g4
h4 40. g5 b5 41. Kg4 a5 42. a4 Kd6 43. Kxh4 bxc4 44. bxc4 1-0

[Event "Finale Challenge Blitz BNP Paribas"]
[Site "Port Marly"]
[Date "2013.06.15"]
[Round "2.5"]
[White "Dubocage, Claude"]
[Black "Dieu, Bruno"]
[Result "0-1"]
[WhiteElo "2050"]
[BlackElo "2360"]
[PlyCount "80"]
[EventDate "2013.06.15"]
[EventType "match (rapid)"]
[EventRounds "15"]
[EventCountry "FRA"]
[SourceDate "2005.09.12"]

1. d4 d5 2. Nf3 c5 3. g3 Nc6 4. Bg2 e6 5. O-O Nf6 6. c3 Be7 7. Bf4 Qb6 8. dxc5
Qxb2 9. Nbd2 Qxc3 10. Bd6 Bxd6 11. cxd6 Qb4 12. Re1 Qxd6 13. e4 dxe4 14. Ng5
O-O 15. Ngxe4 Nxe4 16. Bxe4 Bd7 17. Qc2 f5 18. Bg2 Rac8 19. Rad1 Nd4 20. Qd3
Bb5 21. Qe3 Qb6 22. Nf3 Nxf3+ 23. Qxf3 Bc6 24. Qe2 Bxg2 25. Kxg2 Rc6 26. Rb1
Qc7 27. a4 Rd8 28. Rb5 a6 29. Re5 Rdd6 30. Qa2 Qf7 31. Rb1 b6 32. Qe2 Qb7 33.
Kg1 Kf7 34. g4 g6 35. gxf5 gxf5 36. Qh5+ Kg8 37. Re3 Rd4 38. Qe8+ Kg7 39. Rxe6
Rxe6 40. Qxe6 Rg4+ 0-1

[Event "Finale Challenge Blitz BNP Paribas"]
[Site "Port Marly"]
[Date "2013.06.15"]
[Round "2.7"]
[White "Leconte, Jean-Olivier"]
[Black "Le Menelec, Erwan-Son"]
[Result "1-0"]
[WhiteElo "2330"]
[BlackElo "2050"]
[PlyCount "63"]
[EventDate "2013.06.15"]
[EventType "match (rapid)"]
[EventRounds "15"]
[EventCountry "FRA"]
[SourceDate "2005.09.12"]

1. e4 d6 2. Nc3 Nf6 3. f4 e5 4. Nf3 Nbd7 5. Bc4 Be7 6. d3 O-O 7. f5 c6 8. a4 a5
9. O-O Qb6+ 10. Kh1 Qc7 11. Bg5 Nb6 12. Bb3 Rd8 13. Qe1 h6 14. Bd2 Nbd7 15. Ba2
b6 16. g4 Nh7 17. h4 Ndf8 18. Qg3 Qd7 19. g5 hxg5 20. hxg5 g6 21. f6 Nxf6 22.
gxf6 Bxf6 23. Ng5 Bxg5 24. Rxf7 Qxf7 25. Bxf7+ Kxf7 26. Bxg5 Re8 27. Rf1+ Kg7
28. Qh4 Be6 29. Bf6+ Kf7 30. Qh6 Bd7 31. Bg7+ Ke7 32. Qg5+ 1-0

[Event "Finale Challenge Blitz BNP Paribas"]
[Site "Port Marly"]
[Date "2013.06.15"]
[Round "2.8"]
[White "Roque, Gaetan"]
[Black "Mayer, Philippe"]
[Result "0-1"]
[WhiteElo "2040"]
[BlackElo "2330"]
[PlyCount "50"]
[EventDate "2013.06.15"]
[EventType "match (rapid)"]
[EventRounds "15"]
[EventCountry "FRA"]
[SourceDate "2005.09.12"]

1. d4 Nf6 2. Nf3 e6 3. e3 b6 4. Bd3 Bb7 5. O-O d6 6. b3 g6 7. Bb2 Bg7 8. Nbd2
O-O 9. c4 Nbd7 10. Rc1 Qe7 11. Bb1 e5 12. Ng5 h6 13. Nge4 Nxe4 14. Nxe4 f5 15.
Ng3 h5 16. f4 exf4 17. exf4 Qe3+ 18. Kh1 h4 19. Qe2 Rae8 20. Rfe1 Qxf4 21. Qxe8
Rxe8 22. Rxe8+ Kf7 23. Rce1 Bf6 24. Nf1 Qf2 25. R8e2 Bxg2# 0-1

[Event "Finale Challenge Blitz BNP Paribas"]
[Site "Port Marly"]
[Date "2013.06.15"]
[Round "3.1"]
[White "Dourerassou, Jonathan"]
[Black "Leconte, Maria"]
[Result "1-0"]
[WhiteElo "2580"]
[BlackElo "2290"]
[PlyCount "63"]
[EventDate "2013.06.15"]
[EventType "match (rapid)"]
[EventRounds "15"]
[EventCountry "FRA"]
[SourceDate "2005.09.12"]

1. e4 e6 2. d4 d5 3. Nc3 Nf6 4. e5 Nfd7 5. f4 c5 6. Nf3 Nc6 7. Be3 Be7 8. Qd2
O-O 9. O-O-O c4 10. f5 b5 11. f6 gxf6 12. Bh6 Kh8 13. exf6 Bxf6 14. Bxf8 Qxf8
15. Nxb5 Rb8 16. Na3 Nb6 17. Qf4 Bg7 18. Nb1 Bh6 19. Ng5 f6 20. Nf7+ Qxf7 21.
Qxh6 Nb4 22. Nc3 Bd7 23. a3 Nc6 24. Be2 Rg8 25. Bh5 Qe7 26. g4 Be8 27. Bxe8
Rxe8 28. Rhf1 Nd7 29. Rde1 Qd6 30. g5 fxg5 31. Rf7 Nf8 32. Qg7# 1-0

[Event "Finale Challenge Blitz BNP Paribas"]
[Site "Port Marly"]
[Date "2013.06.15"]
[Round "3.2"]
[White "Bonnaud, Remy"]
[Black "Rene, Benoit"]
[Result "1/2-1/2"]
[WhiteElo "2230"]
[BlackElo "2430"]
[PlyCount "101"]
[EventDate "2013.06.15"]
[EventType "match (rapid)"]
[EventRounds "15"]
[EventCountry "FRA"]
[SourceDate "2005.09.12"]

1. e4 g6 2. d4 Bg7 3. Bc4 d6 4. Qf3 e6 5. c3 a6 6. h4 h5 7. Bg5 Bf6 8. Nh3 Nc6
9. Nd2 b5 10. e5 bxc4 11. Qxc6+ Bd7 12. Qxc4 dxe5 13. dxe5 Bxg5 14. Nxg5 Bb5
15. Qf4 Nh6 16. O-O-O Qe7 17. Nde4 O-O 18. Nf6+ Kg7 19. f3 Rad8 20. g4 hxg4 21.
fxg4 Rxd1+ 22. Rxd1 Rd8 23. Rd4 c5 24. Rd2 Rxd2 25. Qxd2 Qb7 26. h5 Qh1+ 27.
Kc2 Qa1 28. hxg6 Qxa2 29. gxf7 Qa4+ 30. Kc1 Qa1+ 31. Kc2 Qa4+ 32. Kb1 Nxf7 33.
Nxe6+ Kg6 34. Qc2+ Qxc2+ 35. Kxc2 Nxe5 36. Ne4 Bd3+ 37. Kd2 Bxe4 38. Nxc5 a5
39. Nxe4 Nxg4 40. b4 axb4 41. cxb4 Ne5 42. Kc3 Kf5 43. Nd6+ Ke6 44. Nc4 Nd7 45.
b5 Kd5 46. Kb4 Nc5 47. Nb6+ Kd6 48. Nc4+ Kd5 49. Ne3+ Kd4 50. Nf5+ Kd5 51. Ne7+
1/2-1/2

[Event "Finale Challenge Blitz BNP Paribas"]
[Site "Port Marly"]
[Date "2013.06.15"]
[Round "3.3"]
[White "Delaunay, Sebastien"]
[Black "Sotelo, Renzo"]
[Result "1-0"]
[WhiteElo "2420"]
[BlackElo "2230"]
[PlyCount "79"]
[EventDate "2013.06.15"]
[EventType "match (rapid)"]
[EventRounds "15"]
[EventCountry "FRA"]
[SourceDate "2005.09.12"]

1. Nf3 Nf6 2. c4 g6 3. Nc3 Bg7 4. g3 O-O 5. Bg2 c5 6. O-O Nc6 7. d4 cxd4 8.
Nxd4 Qb6 9. Nb3 d6 10. c5 dxc5 11. Na4 Qd8 12. Naxc5 e6 13. Qxd8 Rxd8 14. Bg5
h6 15. Bf4 Nd5 16. Bc1 b6 17. Nd3 Ba6 18. a3 Rac8 19. Rd1 Bc4 20. Nd2 Bxd3 21.
exd3 Nd4 22. Kf1 a5 23. Nc4 Nb3 24. Rb1 b5 25. Ne3 Nxe3+ 26. Bxe3 Rc2 27. d4
Kh7 28. Rd3 a4 29. d5 exd5 30. Rxd5 Rxd5 31. Bxd5 Rxb2 32. Rxb2 Bxb2 33. Bc6 b4
34. Bxa4 Nd4 35. axb4 Kg7 36. b5 Nf5 37. Bc5 Kf6 38. b6 Be5 39. Ke2 Ke6 40.
Bb3+ 1-0

[Event "Finale Challenge Blitz BNP Paribas"]
[Site "Port Marly"]
[Date "2013.06.15"]
[Round "3.4"]
[White "Dutreuil, Raphael"]
[Black "Akl, Nabil"]
[Result "1-0"]
[WhiteElo "2390"]
[BlackElo "2220"]
[PlyCount "75"]
[EventDate "2013.06.15"]
[EventType "match (rapid)"]
[EventRounds "15"]
[EventCountry "FRA"]
[SourceDate "2005.09.12"]

1. d4 Nf6 2. c4 e6 3. Nf3 b6 4. g3 Bb7 5. Bg2 Be7 6. O-O O-O 7. Nc3 Ne4 8. Nxe4
Bxe4 9. Ne1 Bxg2 10. Nxg2 d5 11. cxd5 exd5 12. Bf4 Bd6 13. Rc1 Bxf4 14. Nxf4
Qd6 15. Qc2 c6 16. Nd3 a6 17. Ne5 Ra7 18. Qb3 Rb7 19. Rc2 f6 20. Nd3 Kh8 21.
Rfc1 g6 22. Nb4 Rc7 23. Nxd5 Rb7 24. Nb4 c5 25. Qf3 Rc7 26. dxc5 bxc5 27. Nd5
Rcc8 28. Nc3 Nd7 29. Ne4 Qe6 30. b3 Qe5 31. Rd1 Rf7 32. Rcd2 Rc7 33. Nd6 Re7
34. Nc4 Qe6 35. Qa8+ Re8 36. Qd5 Kg7 37. Qxe6 Rxe6 38. Rxd7+ 1-0

[Event "Finale Challenge Blitz BNP Paribas"]
[Site "Port Marly"]
[Date "2013.06.15"]
[Round "3.5"]
[White "Dieu, Bruno"]
[Black "Devallee, Jeremie"]
[Result "1-0"]
[WhiteElo "2360"]
[BlackElo "2190"]
[PlyCount "51"]
[EventDate "2013.06.15"]
[EventType "match (rapid)"]
[EventRounds "15"]
[EventCountry "FRA"]
[SourceDate "2005.09.12"]

1. d4 d5 2. Nf3 Nf6 3. e3 e6 4. Bd3 c5 5. b3 Nc6 6. Bb2 Bd6 7. O-O Qe7 8. c4
O-O 9. Ne5 cxd4 10. exd4 Bd7 11. a3 dxc4 12. bxc4 Rfd8 13. Qe2 Rac8 14. Nd2 Be8
15. Ndf3 Bb8 16. Nxc6 bxc6 17. Rac1 Nh5 18. g3 Nf6 19. Rfd1 h6 20. Bb1 Bd7 21.
Ne5 Re8 22. Qc2 c5 23. Ng4 Bc6 24. d5 Ba4 25. Nxf6+ Qxf6 26. Qh7+ 1-0

[Event "Finale Challenge Blitz BNP Paribas"]
[Site "Port Marly"]
[Date "2013.06.15"]
[Round "3.6"]
[White "Dubois, Pierre"]
[Black "Leconte, Jean-Olivier"]
[Result "0-1"]
[WhiteElo "2170"]
[BlackElo "2330"]
[PlyCount "92"]
[EventDate "2013.06.15"]
[EventType "match (rapid)"]
[EventRounds "15"]
[EventCountry "FRA"]
[SourceDate "2005.09.12"]

1. e4 e6 2. d4 d5 3. exd5 exd5 4. c4 Nf6 5. Nc3 Bb4 6. Bg5 O-O 7. Bd3 c6 8.
Nge2 dxc4 9. Bxc4 Nbd7 10. O-O h6 11. Bh4 Nb6 12. Bb3 Be7 13. Bc2 Nfd5 14. Qd3
g6 15. Bxe7 Qxe7 16. a3 Bf5 17. Qd2 Bxc2 18. Qxc2 Rfe8 19. Rad1 Rad8 20. h3 Qf6
21. Rd3 Qg7 22. Rfd1 Re7 23. Ng3 Rde8 24. R3d2 Re1+ 25. Kh2 Rxd1 26. Rxd1 Qf6
27. Nge4 Qf4+ 28. g3 Qc7 29. Re1 Kg7 30. Re2 Re6 31. Nc5 Rxe2 32. Qxe2 Nf6 33.
Qe5 Qxe5 34. dxe5 Nfd7 35. Nxb7 Nxe5 36. Na5 c5 37. Nb7 c4 38. Nc5 f5 39. Kg2
Kf6 40. Kf1 Ke7 41. Ke2 Kd6 42. Na6 Nd3 43. b3 Nc1+ 44. Kd1 Nxb3 45. Nb4 Nd4
46. Nb5+ Nxb5 0-1

[Event "Finale Challenge Blitz BNP Paribas"]
[Site "Port Marly"]
[Date "2013.06.15"]
[Round "3.7"]
[White "Mayer, Philippe"]
[Black "Glod, Philippe"]
[Result "1-0"]
[WhiteElo "2330"]
[BlackElo "2140"]
[PlyCount "83"]
[EventDate "2013.06.15"]
[EventType "match (rapid)"]
[EventRounds "15"]
[EventCountry "FRA"]
[SourceDate "2005.09.12"]

1. d4 Nf6 2. c4 g6 3. Nc3 d5 4. cxd5 Nxd5 5. e4 Nxc3 6. bxc3 Bg7 7. Be3 c5 8.
Qd2 Qa5 9. Rc1 O-O 10. d5 f5 11. d6 exd6 12. Bc4+ Kh8 13. Ne2 Nc6 14. O-O Ne5
15. Bb3 fxe4 16. Qxd6 Nd3 17. Rcd1 Bg4 18. Rxd3 exd3 19. Nf4 Be2 20. Ne6 Qxc3
21. Nxg7 Kxg7 22. Bxc5 Bxf1 23. Bd4+ Qxd4 24. Qxd4+ Kh6 25. Kxf1 Rad8 26. Qe3+
Kg7 27. Qd2 Rf6 28. f3 Rc6 29. Kf2 Rcd6 30. Qc3+ Kh6 31. Qd2+ Kg7 32. g4 h6 33.
h4 b5 34. h5 gxh5 35. Qf4 hxg4 36. Qf7+ Kh8 37. fxg4 d2 38. Bd1 Rd4 39. Qh5
Rf4+ 40. Kg3 Rf6 41. g5 Rg6 42. Qxh6+ 1-0

[Event "Finale Challenge Blitz BNP Paribas"]
[Site "Port Marly"]
[Date "2013.06.15"]
[Round "3.8"]
[White "Varoquier, Romain"]
[Black "Kirszenberg, Marc"]
[Result "0-1"]
[WhiteElo "2310"]
[BlackElo "2130"]
[PlyCount "54"]
[EventDate "2013.06.15"]
[EventType "match (rapid)"]
[EventRounds "15"]
[EventCountry "FRA"]
[SourceDate "2005.09.12"]

1. e4 d5 2. exd5 Nf6 3. Nf3 Nxd5 4. d4 g6 5. Be2 Bg7 6. O-O O-O 7. c4 Nb6 8.
Be3 Nc6 9. Nc3 e5 10. d5 Ne7 11. Qb3 Nf5 12. Bc5 Re8 13. Rad1 e4 14. Nd4 Nd7
15. Nxf5 Nxc5 16. Qa3 Bf8 17. Nd4 Nd3 18. Qb3 Nf4 19. h3 Qg5 20. g3 Bxh3 21.
Kh2 Bxf1 22. Bxf1 Qh5+ 23. Kg1 Nh3+ 24. Kg2 Ng5 25. Ncb5 Bd6 26. Nxd6 cxd6 27.
Re1 Nf3 0-1

[Event "Finale Challenge Blitz BNP Paribas"]
[Site "Port Marly"]
[Date "2013.06.15"]
[Round "4.1"]
[White "Leconte, Jean-Olivier"]
[Black "Dourerassou, Jonathan"]
[Result "1-0"]
[WhiteElo "2330"]
[BlackElo "2580"]
[PlyCount "59"]
[EventDate "2013.06.15"]
[EventType "match (rapid)"]
[EventRounds "15"]
[EventCountry "FRA"]
[SourceDate "2005.09.12"]

1. e4 c5 2. Nf3 Nc6 3. Nc3 e5 4. Bc4 Be7 5. d3 Nf6 6. O-O O-O 7. a3 d6 8. Nd2
Nd4 9. f4 Bg4 10. Nf3 a6 11. Kh1 b5 12. Ba2 b4 13. Ne2 Bxf3 14. gxf3 Nh5 15.
Nxd4 exd4 16. axb4 cxb4 17. Bd2 a5 18. Bb3 Kh8 19. f5 Nf6 20. Qe2 Nd7 21. Rg1
Bf6 22. Qg2 Nc5 23. Bd5 Rc8 24. b3 Nd7 25. Ra2 Rc5 26. Qg4 Qe7 27. Rg3 Rxd5 28.
Bf4 Ne5 29. Bxe5 Bxe5 30. exd5 1-0

[Event "Finale Challenge Blitz BNP Paribas"]
[Site "Port Marly"]
[Date "2013.06.15"]
[Round "4.2"]
[White "Mayer, Philippe"]
[Black "Delaunay, Sebastien"]
[Result "0-1"]
[WhiteElo "2330"]
[BlackElo "2420"]
[PlyCount "24"]
[EventDate "2013.06.15"]
[EventType "match (rapid)"]
[EventRounds "15"]
[EventCountry "FRA"]
[SourceDate "2005.09.12"]

1. d4 Nf6 2. c4 e6 3. Nc3 Bb4 4. f3 d5 5. a3 Bxc3+ 6. bxc3 O-O 7. cxd5 exd5 8.
e3 Bf5 9. Ne2 c5 10. Ng3 Be6 11. Bd3 Nc6 12. O-O Nb8 0-1

[Event "Finale Challenge Blitz BNP Paribas"]
[Site "Port Marly"]
[Date "2013.06.15"]
[Round "4.3"]
[White "Kirszenberg, Marc"]
[Black "Dieu, Bruno"]
[Result "1/2-1/2"]
[WhiteElo "2130"]
[BlackElo "2360"]
[PlyCount "57"]
[EventDate "2013.06.15"]
[EventType "match (rapid)"]
[EventRounds "15"]
[EventCountry "FRA"]
[SourceDate "2005.09.12"]

1. d4 d5 2. Nf3 c5 3. c3 e6 4. Bf4 Qb6 5. Qb3 Nc6 6. e3 Nf6 7. Nbd2 Be7 8. h3
O-O 9. Be2 Bd7 10. O-O cxd4 11. exd4 Qxb3 12. axb3 Rfc8 13. b4 a6 14. Nb3 Ne4
15. Nc5 Nxc5 16. bxc5 f6 17. Rfe1 Kf7 18. Bf1 Na7 19. c4 Bc6 20. Nd2 Rd8 21.
cxd5 Bxd5 22. Nc4 Bxc4 23. Bxc4 Rxd4 24. Bxe6+ Kf8 25. Be3 Rb4 26. b3 Rd8 27.
Red1 Nc6 28. Rxd8+ Nxd8 29. Bc4 1/2-1/2

[Event "Finale Challenge Blitz BNP Paribas"]
[Site "Port Marly"]
[Date "2013.06.15"]
[Round "4.4"]
[White "Rene, Benoit"]
[Black "Dutreuil, Raphael"]
[Result "1/2-1/2"]
[WhiteElo "2430"]
[BlackElo "2390"]
[PlyCount "94"]
[EventDate "2013.06.15"]
[EventType "match (rapid)"]
[EventRounds "15"]
[EventCountry "FRA"]
[SourceDate "2005.09.12"]

1. g3 Nf6 2. Bg2 g6 3. e4 d6 4. d4 Bg7 5. Nc3 O-O 6. Nge2 Nbd7 7. h3 e5 8. Be3
Re8 9. O-O a6 10. a4 exd4 11. Bxd4 Ne5 12. b3 Bd7 13. Kh2 c5 14. Bxe5 dxe5 15.
a5 Bc6 16. Qc1 Qc7 17. Qe3 Bf8 18. Nd5 Bxd5 19. exd5 c4 20. Ra4 cxb3 21. Qxb3
Rac8 22. c4 Nd7 23. Qb1 Nc5 24. Rb4 Qxa5 25. Rb6 Be7 26. d6 Bd8 27. Rb2 Bf6 28.
Bxb7 Nxb7 29. Rxb7 Red8 30. Qb3 Rxd6 31. c5 Re6 32. Nc3 Qxc5 33. Ne4 Qc4 34.
Qb1 Bg7 35. Rd1 Qc2 36. Qxc2 Rxc2 37. Rdd7 Bf8 38. Rxf7 Re2 39. Nf6+ Rxf6 40.
Rxf6 Bc5 41. Kg2 e4 42. Rc7 Bd4 43. Rd6 Rxf2+ 44. Kh1 Rf1+ 45. Kg2 Rf2+ 46. Kh1
Rf1+ 47. Kh2 Rf2+ 1/2-1/2

[Event "Finale Challenge Blitz BNP Paribas"]
[Site "Port Marly"]
[Date "2013.06.15"]
[Round "4.5"]
[White "Dumas, Charles"]
[Black "Bonnaud, Remy"]
[Result "0-1"]
[WhiteElo "2260"]
[BlackElo "2230"]
[PlyCount "76"]
[EventDate "2013.06.15"]
[EventType "match (rapid)"]
[EventRounds "15"]
[EventCountry "FRA"]
[SourceDate "2005.09.12"]

1. e4 d5 2. exd5 Qxd5 3. Nc3 Qa5 4. Bc4 Nf6 5. h3 c6 6. d3 g6 7. Bd2 Bg7 8. Qe2
O-O 9. Nf3 Qc7 10. O-O a5 11. a4 Na6 12. Rfe1 e6 13. Rad1 Nb4 14. Bb3 b6 15.
Na2 Nxa2 16. Bxa2 Bb7 17. c3 c5 18. d4 Qc6 19. Bg5 Qxa4 20. Bb1 Qc6 21. Bxf6
Bxf6 22. Be4 Qxe4 23. Qxe4 Bxe4 24. Rxe4 Rfd8 25. Ree1 cxd4 26. Nxd4 Bxd4 27.
Rxd4 Rxd4 28. cxd4 Rd8 29. Rd1 Rd5 30. f4 Kg7 31. Kf2 Rb5 32. Rd2 Kf6 33. Ke3
Ke7 34. g4 Kd6 35. Ke4 f5+ 36. Ke3 Rb3+ 37. Kf2 Rxh3 38. Kg2 fxg4 0-1

[Event "Finale Challenge Blitz BNP Paribas"]
[Site "Port Marly"]
[Date "2013.06.15"]
[Round "4.6"]
[White "Pepin, Olivier"]
[Black "Akl, Nabil"]
[Result "0-1"]
[WhiteElo "2390"]
[BlackElo "2050"]
[PlyCount "74"]
[EventDate "2013.06.15"]
[EventType "match (rapid)"]
[EventRounds "15"]
[EventCountry "FRA"]
[SourceDate "2005.09.12"]

1. e4 c6 2. d4 d5 3. exd5 cxd5 4. Nf3 Nf6 5. c4 e6 6. c5 Be7 7. Bf4 O-O 8. Bd3
b6 9. b4 a5 10. bxa5 bxc5 11. dxc5 Qxa5+ 12. Qd2 Qxd2+ 13. Nbxd2 Bxc5 14. O-O
Nbd7 15. Ne5 Bd4 16. Ndf3 Bxa1 17. Rxa1 Nc5 18. Bc2 h6 19. a4 g5 20. Bg3 Nfe4
21. Nc6 Bd7 22. Nb4 Nxg3 23. hxg3 Bxa4 24. Rc1 Bxc2 25. Rxc2 Ne4 26. Ne5 Ra1+
27. Kh2 Rf1 28. Nbd3 Ra8 29. f3 Raa1 30. Nc1 Raxc1 31. Rxc1 Rxc1 32. fxe4 dxe4
33. g4 f6 34. Nd7 Kf7 35. Kg3 Rf1 36. Kh3 e3 37. g3 e2 0-1